Loading...
| Social Science | 1 | 2 | 0 | 1 | 35 | 36 | 84.67 | 1 | 3 |
| Science - Biology | 2 | 0 | 0 | 0 | 30 | 26 | 42.00 | 2 | 2 |
| Science - Physics | 0 | 3 | 0 | 1 | 30 | 107 | 113.00 | 0 | 2 |
| Fine Arts - Other Fine Arts | 0 | 2 | 0 | 0 | 20 | 83 | 93.00 | 1 | 1 |
| History - World History | 1 | 0 | 0 | 0 | 15 | 56 | 56.00 | 0 | 0 |
| History - European History | 1 | 0 | 0 | 0 | 15 | 43 | 43.00 | 0 | 1 |
| Science - Other Science | 0 | 1 | 0 | 1 | 10 | 90 | 90.00 | 0 | 1 |
| History - Other History | 1 | 0 | 1 | 0 | 10 | 35 | 35.00 | 0 | 1 |
| Science - Chemistry | 0 | 1 | 0 | 0 | 10 | 90 | 90.00 | 0 | 1 |
| Other Academic | 0 | 1 | 0 | 1 | 10 | 130 | 130.00 | 0 | 0 |
| Mythology | 0 | 0 | 1 | 0 | -5 | 0.00 | 0 | 0 |